Представление документа в формате RUSMARC

ПолеНазваниеЗначение
  Тип записи c
  Библиографический уровень m
001 Контрольный номер RU/УОНБ/EK_N/405690884
005 Дата корректировки 20260212120520.1
010 Индекс ISBN __
9 Тираж 5000 экз.
013 Номер (ISMN) __
d Цена 25 к.
071 Издательские номер (звукозапись и ноты) 21
a Номер, присвоенный агентством 23031
100 Данные общей обработки __
a Данные общей обработки 20150512d1952 u y0rusy0189 ca
101 Язык документа 0_
a Язык текста rus
c Язык оригинала rus
f Язык титульного листа rus
102 Страна публикации __
a Страна публикации RU
125 Кодированные данные звукозаписи и нотных изданий __
a Форма изложения нотного текста d|
128 Кодированные данные (звукозаписи-физические характеристики) __
a Кодированные данные: Музыкальная форма и тональность или лад fso
b Инструменты или голоса, необходимые для ансамблей (устаревшее) cu||
200 Заглавие и сведения об ответственности 1_
a Заглавие Вейся, вейся, капустка
e Сведения, относящиеся к заглавию русская народная песня
f Первые сведения об ответственности обработка В. Орлова
g Последующие сведения об ответственности переложение для 3 голосного хора А. Сапожникова
210 Выходные данные 1_
a Место издания Москва
c Издательство Музгиз
d Дата издания 1952
215 Физическое описание __
a Объем 3 c.
d Формат 22 см
225 Серия 1_
a Серия Репертуар хоровых коллективов художественной самодеятельности
606 Тематические рубрики 0_
a Основная рубрика Хоровое пение
x Основная подрубрика Русские народные песни
610 Ключевые слова 0_
a Ключевые слова русские народные песни; хоровое пение
686 Индексы других классификаций __
a Классификационный индекс 85.941.0-092
2 Код системы rubbk
686 Индексы других классификаций __
a Классификационный индекс 85.92-4(2Рос)
2 Код системы rubbk
702 Вторичная интеллектуальная ответственность _1
a Фамилия Орлов
b Имя (инициалы) В.
4 Код отношения 030
702 Вторичная интеллектуальная ответственность _1
a Фамилия Сапожников
b Имя (инициалы) А.
4 Код отношения 030
801 Источник записи _0
a Страна RU
b Организация Ульяновская ОНБ
c Дата составления 20150512
g Правила каталогизации RCR
801 Источник записи _1
a Страна RU
b Организация Ульяновская ОНБ
c Дата составления 20150512
g Правила каталогизации RCR
901 Тип документа __
t Тип документа m
909 Создатель записи __
a Создатель записи Лобина Л. И.
910 Корректоры записи __
a Корректор записи Никитина Т. А.
b Дата внесения изменения в запись 20260212
938 Служебная информация __
a Имя БД noti
b Имя библиотеки УОНБ
c Имя АИБС МАРК-SQL
d Номер DOC_ID в БД 10682